<?xml version="1.0" encoding="UTF-8"?>
<collection xmlns="http://www.loc.gov/MARC21/slim">
<record>
  <controlfield tag="001">132223</controlfield>
  <controlfield tag="005">20240301161207.0</controlfield>
  <datafield tag="024" ind1="8" ind2=" ">
    <subfield code="2">sideral</subfield>
    <subfield code="a">136816</subfield>
  </datafield>
  <datafield tag="037" ind1=" " ind2=" ">
    <subfield code="a">ART-2021-136816</subfield>
  </datafield>
  <datafield tag="041" ind1=" " ind2=" ">
    <subfield code="a">spa</subfield>
  </datafield>
  <datafield tag="100" ind1=" " ind2=" ">
    <subfield code="a">Santillán Santa Cruz, Romina Viviana</subfield>
    <subfield code="0">(orcid)0000-0003-1748-6062</subfield>
  </datafield>
  <datafield tag="245" ind1=" " ind2=" ">
    <subfield code="a">Ausencia de legitimación representativa y el emblemático caso del falsus procurator</subfield>
  </datafield>
  <datafield tag="260" ind1=" " ind2=" ">
    <subfield code="c">2021</subfield>
  </datafield>
  <datafield tag="520" ind1="3" ind2=" ">
    <subfield code="a">Entre los distintos supuestos de ineficacia funcional se encuentra el emblemático caso del falsus procurator, que se enmarca, más específicamente, dentro de la categoría general de ausencia de legitimación representativa. Sobre el particular, la autora afirma que pueden presentarse algunos inconvenientes prácticos cuando se trata de adoptar medidas destinadas a paliar la situación generada por quien actúa como representante sin encontrarse legitimado para hacerlo, debido al entramado de efectos que se despliegan como consecuencia del actuar del seudorrepresentante y que deben ser debidamente diferenciados en orden a aplicar la solución más adecuada. Por ello, en este trabajo se analizan los artículos 161 y 162 del Código Civil, los cuales, en su conjunto, dispensan tratamiento a la ausencia de legitimación representativa, para así desarrollar ampliamente sus supuestos, efectos y medidas.</subfield>
  </datafield>
  <datafield tag="540" ind1=" " ind2=" ">
    <subfield code="9">info:eu-repo/semantics/closedAccess</subfield>
    <subfield code="a">All rights reserved</subfield>
    <subfield code="u">http://www.europeana.eu/rights/rr-f/</subfield>
  </datafield>
  <datafield tag="655" ind1=" " ind2="4">
    <subfield code="a">info:eu-repo/semantics/article</subfield>
    <subfield code="v">info:eu-repo/semantics/publishedVersion</subfield>
  </datafield>
  <datafield tag="773" ind1=" " ind2=" ">
    <subfield code="g">94 (2021), 125-134</subfield>
    <subfield code="p">Gac. civ. procesal civ.</subfield>
    <subfield code="t">Gaceta civil &amp; procesal civil</subfield>
    <subfield code="x">2305-3259</subfield>
  </datafield>
  <datafield tag="856" ind1="4" ind2=" ">
    <subfield code="s">518850</subfield>
    <subfield code="u">http://zaguan.unizar.es/record/132223/files/texto_completo.pdf</subfield>
    <subfield code="y">Versión publicada</subfield>
  </datafield>
  <datafield tag="856" ind1="4" ind2=" ">
    <subfield code="s">1513588</subfield>
    <subfield code="u">http://zaguan.unizar.es/record/132223/files/texto_completo.jpg?subformat=icon</subfield>
    <subfield code="x">icon</subfield>
    <subfield code="y">Versión publicada</subfield>
  </datafield>
  <datafield tag="909" ind1="C" ind2="O">
    <subfield code="o">oai:zaguan.unizar.es:132223</subfield>
    <subfield code="p">articulos</subfield>
    <subfield code="p">driver</subfield>
  </datafield>
  <datafield tag="951" ind1=" " ind2=" ">
    <subfield code="a">2024-03-01-14:52:39</subfield>
  </datafield>
  <datafield tag="980" ind1=" " ind2=" ">
    <subfield code="a">ARTICLE</subfield>
  </datafield>
</record>
</collection>